Central Library and Information Centre
Sibsagar Girls' College, Sivasagar : Assam

ELEMENTARY ORGANIC SPECTROSCOPY : PRINCIPLES AND CHEMICAL APPLICATIONS (Record no. 18986)

MARC details
000 -LEADER
fixed length control field 00433cam a2200169ua 4500
008 - FIXED-LENGTH DATA ELEMENTS--GENERAL INFORMATION
fixed length control field 130223n2009 II |||gr||||Z||||||eng
040 ## - CATALOGING SOURCE
Original cataloging agency MAIN
041 ## - LANGUAGE CODE
-- English
082 ## - DEWEY DECIMAL CLASSIFICATION NUMBER
Classification number 543.0858 SHA
100 ## - MAIN ENTRY--PERSONAL NAME
Personal name SHARMA, Y.R.
245 ## - TITLE STATEMENT
Title ELEMENTARY ORGANIC SPECTROSCOPY : PRINCIPLES AND CHEMICAL APPLICATIONS
250 ## - EDITION STATEMENT
Edition statement REP.
260 ## - PUBLICATION, DISTRIBUTION, ETC.
Place of publication, distribution, etc. NEW DELHI
Name of publisher, distributor, etc. S.CHAND & COMPANY
Date of publication, distribution, etc. 2009
300 ## - PHYSICAL DESCRIPTION
Extent 356:
Dimensions 24CM.
942 ## - ADDED ENTRY ELEMENTS (KOHA)
Koha item type Books
Holdings
Withdrawn status Lost status Damaged status Not for loan Collection code Home library Current library Shelving location Date acquired Full call number Barcode Date last seen Copy number Price effective from Koha item type Public note Total Checkouts Date last checked out
        TBCHE Central Library and Information Centre Sibsagar Girls College Central Library and Information Centre Sibsagar Girls College CHEMISTRY BOOK RACK 21.01.2013 543.0858 SHA 28625 27.02.2020 1 27.02.2020 Books V    
        TBCHE Central Library and Information Centre Sibsagar Girls College Central Library and Information Centre Sibsagar Girls College Chemistry Rack 21.01.2013 543.0858 SHA 28626 22.09.2022 2 27.02.2020 Books   1 09.09.2022
        TBCHE Central Library and Information Centre Sibsagar Girls College Central Library and Information Centre Sibsagar Girls College Chemistry Rack 21.01.2013 543.0858 SHA 28627 27.02.2020 3 27.02.2020 Books      


Sibsagar Girl's College © 2020. All rights reserved.
Powered by Koha.
Maintained by Abhijit Borpuzari.